La iglesia y sexualidad huellas históricas y miradas actuales

Salvato in:
Dettagli Bibliografici
Autori principali: Bédouelle, Guy (Autore), Bruguès, Jean Louis (Autore), Becquart, Philippe (Autore)
Natura: Libro
Lingua:spagnolo
Pubblicazione: Madrid Biblioteca de Autores Cristianos 2007
Soggetti:
Tags: Aggiungi Tag
Nessun Tag, puoi essere il primo ad aggiungerne!!

MARC

LEADER 00000nam a2200000 a 4500
001 UCI3956
003 CL-VaPUC
008 071207e20070000SP |||||||||||||||||spa|d
020 |a 9788479148775 
082 0 4 |a 241.6  |b BED  |2 21 
100 |a Bédouelle, Guy  |e author  |9 537970 
700 0 |a Bruguès, Jean Louis  |e author  |9 525556 
700 0 |a Becquart, Philippe  |e author  |9 525557 
245 1 3 |a La iglesia y sexualidad huellas históricas y miradas actuales 
300 |a 214 p 
942 |c BK 
945 |d 20071207 00:00:00  |a jtorresc 
260 |a Madrid  |b Biblioteca de Autores Cristianos  |c 2007 
650 7 |a ETICA SEXUAL  |2 CL-VaPUC  |9 525558 
650 7 |a SEXO TEOLOGIA  |2 CL-VaPUC  |9 308834 
650 7 |a MATRIMONIO  |2 CL-VaPUC  |9 525559 
650 0 |a Edad media  |9 258041 
650 0 |a Antiguo testamento   |9 313678 
650 0 |a Homosexualidad  |9 255614 
650 0 |a Iglesia Católica  |9 256114 
650 7 |a SEXO ASPECTOS RELIGIOSOS  |2 CL-VaPUC  |9 308835 
583 |a last modification  |c 20071207 00:00:00  |k Rodrigo Vera 
999 |c 327984  |d 327982 
952 |0 0  |1 0  |4 0  |6 241_600000000000000_BED_2007  |7 0  |8 A  |9 411616  |a BIBTEO  |b BIBTEO  |d 2019-11-22  |i 4394844  |o 241.6 BED 2007  |p 4394844  |r 2025-01-17  |w 2019-11-22  |y BK  |k ICR